Statistics for Asian Cities by picture

Click here to take the quiz!

General Stats

  • This quiz has been taken 43 times
  • The average score is 9 of 15

Answer Stats

Answer% Correct
Tokyo
100%
Kuala lumpur
86%
Shanghai
86%
Hongkong
71%
Beijing
69%
Dubai
69%
Jerusalem
66%
Riyadh
51%
Bangkok
46%
Jakarta
46%
Kuwait City
46%
Seoul
46%
Manila
43%
Mumbai
40%
Singapore
37%

Score Distribution

Percentile by Number Answered

Percent of People with Each Score

Your Score History

You have not taken this quiz